Countries in Jeppies of the World Map - Statistics

General Stats
  • This quiz has been taken 545 times
    131 since last reset
  • The average score is 25 of 26
Answers on the Map
Answers color-coded by a green-red scale on the quiz's map according to % correct below.
 
Answer Stats
Country % Correct
Canada | United States
100%
Canada | United States
100%
Russia
100%
Russia | Kazakhstan
100%
Russia | Mongolia | China
100%
United Kingdom | Ireland | Norway | Russia | Sweden | Finland | Denmark | Estonia | Latvia | Lithuania | Germany | Belarus | Netherlands | Belgium | France | Luxembourg | Poland | Ukraine | Czech Republic | Austria | Switzerland | Italy | Slovenia | Croatia | Bosnia and Herzegovina | Serbia | Romania | Slovakia | Hungary
100%
United States | Mexico | Guatemala | Belize | Honduras | El Salvador | Nicaragua | Cuba | Bahamas | Dominican Republic | Haiti | Jamaica
100%
Cameroon | Nigeria | Central African Republic | Uganda | Burundi | Rwanda | Tanzania | Mozambique | Malawi | Republic of the Congo | Democratic Republic of the Congo | Gabon | Equatorial Guinea | São Tomé and Príncipe | Zambia | Zimbabwe | Angola | Namibia | Botswana | Malawi
99%
Italy | Greece | Malta | Algeria | Morocco | Libya | Tunisia | Egypt | Saudi Arabia | Chad | Mali | Niger | Mauritania | Sudan | Cameroon | Nigeria
99%
New Zealand | Australia
99%
North Korea | South Korea | Japan | China | Taiwan | Philippines | India | Laos | Myanmar | Thailand | Vietnam
99%
Panama | Colombia | Ecuador | Peru | Brazil | Bolivia
99%
Saudi Arabia | Iraq | Kuwait | Bahrain | Qatar | United Arab Emirates | Oman | Yemen | Iran | Turkmenistan | Uzbekistan | Kyrgyzstan | Tajikistan | China | Pakistan | India | Nepal
99%
Brazil
98%
Denmark | Canada | Iceland
98%
Federated States of Micronesia | Marshall Islands | Nauru | Kiribati | Samoa | Fiji | Tuvalu | Vanuatu | Solomon Islands | Papua New Guinea | Australia
98%
Malaysia | Indonesia | Brunei | Philippines | East Timor | Australia
98%
United States
98%
Australia
97%
Chile | Argentina
97%
South Africa | Namibia
97%
Maldives | Seychelles | Comoros | Madagascar | Kenya | Mozambique
93%
Argentina
89%
Cape Verde | Morocco | Mauritania
87%
Kiribati
81%
Marshall Islands
74%
No matching quizzes found
Score Distribution
Percent of People with Each Score
Percentile by Number Answered
Your Score History
You have not taken this quiz since the last reset